FIFA World Cup upsets - Statistics

General Stats
  • This quiz has been taken 140 times
    67 since last reset
  • The average score is 10 of 16
Answer Stats
Year Favorite Result Underdog % Correct
2022 Argentina 1:2 Saudi-Arabia
98%
2018 Germany 0:2 South Korea
92%
2002 Italy 1:2 South Korea
92%
2014 Italy 0:1 Costa Rica
71%
1950 England 0:1 USA
69%
1966 Italy 0:1 North Korea
59%
2002 France 0:1 Senegal
59%
1990 Argentina 0:1 Cameroon
56%
1950 Brazil 1:2 Uruguay
53%
1994 Germany 1:2 Bulgaria
49%
1998 Brazil 1:2 Norway
47%
2010 Spain 0:1 Switzerland
47%
1982 West Germany 1:2 Algeria
46%
1974 West Germany 0:1 East Germany
44%
2010 Italy 2:3 Slovakia
44%
1954 Hungary 2:3 West Germany
42%
No matching quizzes found
Score Distribution
Percent of People with Each Score
Percentile by Number Answered
Your Score History
You have not taken this quiz since the last reset